00353nam a2200133 a 450000500170000000800410001702000180005805000210007610000190009724500340011626000340015030000090018444000260019320140412111358.0110120s19uu xx 00 eng d a971-121-021-5 aFil EbPu98 2009 aBigornia, Mike aSi Putot /cMike L. Bigornia. aPhils :bAdarna house,c2009. aunp. aA book in 2 languages